Kliničeskaja farmakologija pri beremennosti. Tom 1. /
Uložené v:
| Hlavný autor: | |
|---|---|
| Médium: | Kniha |
| Jazyk: | Russian English |
| Vydané: |
Moskva :
Medicina,
1987
|
| Vydanie: | 1. izd. |
| ISBN: |
(viaz.) |
| Fyzický popis: |
327 s. |
| Tagy: |
Pridať tag
Žiadne tagy, Buďte prvý kto otaguje tento záznam!
|
Titul je dostupný aj v ... 

MARC
| LEADER | 00000nam a2200000 a 4500 | ||
|---|---|---|---|
| 001 | 000286607 | ||
| 005 | 20061128170255.0 | ||
| 008 | 061128s1987 ru e 000 0 ruso | ||
| 020 | |a (viaz.) | ||
| 040 | |a SVKKK |b slo |c SVKKK |e AACR2 | ||
| 041 | 1 | |a rus |h eng | |
| 044 | |a ru |c RU | ||
| 100 | 1 | |a Kümmerle, Helmut P. |4 aut | |
| 245 | 1 | 0 | |a Kliničeskaja farmakologija pri beremennosti. |n Tom 1. / |c Helmut P. Kümmerle |
| 250 | |a 1. izd. | ||
| 260 | |a Moskva : |b Medicina, |c 1987 | ||
| 300 | |a 327 s. | ||
| 500 | |a Preklad z angl. | ||
| 998 | |a BK | ||
| 090 | |g SCKHL |k Sklad Pribinova 2. posch. |a III.150533 |j 772749 |i B88471 |4 Zastaraná |s Vyradená | ||